000 01846cam a2200445 i 4500
999 _c232302
_d232302
001 sky234739681
003 SKY
005 20180423150156.0
008 101129r20112010nyu 000 f eng d
010 _a2009022231
020 _a9780812981223
020 _a0812981227
040 _aGO3
_beng
_cGO3
_dBTCTA
_dYDXCP
_dSKYRV
_erda
_dCoLwJCPL
043 _ae-uk-en
050 1 4 _aPS3619.I56294
_bM35 2011
082 0 4 _a813/.6
_222
092 _afiction
099 9 _aFICTION
100 1 _aSimonson, Helen.
_95744542
245 1 0 _aMajor Pettigrew's last stand :
_ba novel /
_cHelen Simonson.
250 _aRandom House Trade paperback edition.
264 1 _aNew York :
_bRandom House,
_c2011.
264 4 _c©2010.
300 _a368 pages ;
_c21 cm.
336 _atext
337 _aunmediated
338 _avolume
500 _aOriginally published in 2010.
500 _aIncludes a reader's guide.
520 _aMajor Ernest Pettigrew (retired) leads a quiet life in the village of St. Mary, England, until his brother's death sparks an unexpected friendship with Mrs. Jasmina Ali, the Pakistani shopkeeper from the village. Drawn together by their shared love of literature and the loss of their respective spouses, the Major and Mrs. Ali soon find their friendship blossoming into something more. But will their relationship survive in a society that considers Ali a foreigner?
650 0 _aWidows
_vFiction.
_95744543
650 0 _aWidowers
_vFiction.
_95673770
650 0 _aPakistanis
_zEngland
_vFiction.
_95744544
650 0 _aInterracial friendship
_vFiction.
_95716647
650 0 _aRetirees
_vFiction.
_95711662
650 0 _aCountry life
_zEngland
_vFiction.
_95744545
655 7 _aRomance fiction.
_2lcgft.
_95683255
907 _a.b260619231
942 _2ddc
_cBOOK